000
00284nam a2200109Ia 4500
008
210430s9999 xx 000 0 und d
082
_a
327.42 V835M
100
_a
David Vital
_9
54553
245
4
_a
The Making of British Foreign Policy
_c
David Vital
300
_a
119
942
_c
BK
_2
ddc
999
_c
565173
_d
565173